Arquitectura sostenible : (Registro nro. 62806)

Detalles MARC
000 -LEADER
campo de control de longitud fija 02501am aa2200421i 44500
003 - IDENTIFICADOR DE NÚMERO DE CONTROL
campo de control PE-LiUPU
005 - FECHA Y HORA DE LA ÚLTIMA TRANSACCIÓN
campo de control 20251103113815.0
008 - DATOS DE LONGITUD FIJA--INFORMACIÓN GENERAL
campo de control de longitud fija 2302s2023 pe#a rb 001 0 spa d
020 ## - NÚMERO INTERNACIONAL ESTÁNDAR DEL LIBRO
Número Internacional Estándar del Libro 9786124915635
035 ## - NÚMERO DE CONTROL DEL SISTEMA
Número de control de sistema PE-LiUPU000028
040 ## - FUENTE DE CATALOGACIÓN
Centro catalogador/agencia de origen PE-LiUPU
Lengua de catalogación spa
Centro/agencia transcriptor PE-LiUPU
Normas de descripción rda
082 04 - NÚMERO DE LA CLASIFICACIÓN DECIMAL DEWEY
Número de clasificación 720.47
Número de edición 23
Cutter B615a
100 ## - ENTRADA PRINCIPAL--NOMBRE DE PERSONA
Nombre de persona Biondi, Susel,
Término indicativo de función/relación autora.
9 (RLIN) 7276
245 10 - MENCIÓN DEL TÍTULO
Título Arquitectura sostenible :
Resto del título una cuestión de evolución /
Mención de responsabilidad, etc. por Susel Biondi.
250 ## - MENCION DE EDICION
Mención de edición Primera edición.
264 #1 - PRODUCCIÓN, PUBLICACIÓN, DISTRIBUCIÓN, FABRICACIÓN Y COPYRIGHT
Producción, publicación, distribución, fabricación y copyright Lima :
Nombre del de productor, editor, distribuidor, fabricante Pontificia Universidad Católica del Perú, Facultad de Arquitectura y Urbanismo ;
-- Fondo Editorial PUCP,
Fecha de producción, publicación, distribución, fabricación o copyright 2023.
300 ## - DESCRIPCIÓN FÍSICA
Extensión 125 páginas :
Otras características físicas ilustraciones ;
Dimensiones 21 cm.
336 ## - TIPO DE CONTENIDO
Término de tipo de contenido texto
Código de tipo de contenido txt
Fuente rdacontent
337 ## - TIPO DE MEDIO
Nombre/término del tipo de medio sin mediación
Código del tipo de medio n
Fuente rdamedia
338 ## - TIPO DE SOPORTE
Nombre/término del tipo de soporte volumen
Código del tipo de soporte nc
Fuente rdacarrier
490 1# - MENCIÓN DE SERIE
Mención de serie Colección Cuerpo Docente ;
Designación de volumen o secuencia 64
500 ## - NOTA GENERAL
Nota general Publicado como parte de la serie Cuerpo Docente de la Facultad de Arquitectura y Urbanismo de la Pontificia Universidad Católica del Perú (PUCP).
504 ## - NOTA DE BIBLIOGRAFÍA, ETC.
Nota de bibliografía, etc. Incluye referencias bibliográficas (p. 119-125).
505 0# - NOTA DE CONTENIDO CON FORMATO
Nota de contenido con formato Introducción -- Arquitectura sostenible: una cuestión de evolución -- Hacia una arquitectura de tercera generación -- Aproximación al proyecto sostenible -- Bibliografía.
520 ## - RESUMEN, ETC.
Sumario, etc. Este libro analiza la arquitectura sostenible desde una mirada integral y evolutiva. Propone una reflexión sobre los paradigmas contemporáneos de sostenibilidad, los límites y necesidades ambientales, y las estrategias de diseño arquitectónico responsable. Ofrece criterios teóricos y prácticos para un proyecto sostenible desde las perspectivas del habitar y la arquitectura.
546 ## - NOTA DE IDIOMA
Nota de lengua/lenguaje Texto en español.
650 14 - PUNTO DE ACCESO ADICIONAL DE MATERIA--TÉRMINO DE MATERIA
Término de materia o nombre geográfico como elemento de entrada Arquitectura sostenible
Subdivisión general Aspectos ambientales.
9 (RLIN) 7277
650 24 - PUNTO DE ACCESO ADICIONAL DE MATERIA--TÉRMINO DE MATERIA
Término de materia o nombre geográfico como elemento de entrada Arquitectura ecológica
Subdivisión general Diseño y planificación.
9 (RLIN) 7278
650 24 - PUNTO DE ACCESO ADICIONAL DE MATERIA--TÉRMINO DE MATERIA
Término de materia o nombre geográfico como elemento de entrada Arquitectura
Subdivisión general Aspectos sociales
Subdivisión geográfica Perú.
9 (RLIN) 7279
650 20 - PUNTO DE ACCESO ADICIONAL DE MATERIA--TÉRMINO DE MATERIA
Término de materia o nombre geográfico como elemento de entrada Arquitectura moderna
Subdivisión general Sostenibilidad.
9 (RLIN) 7280
710 ## - ENTRADA AGREGADA--NOMBRE DE ENTIDAD CORPORATIVA
Nombre de entidad corporativa o nombre de jurisdicción como elemento de entrada Pontificia Universidad Católica del Perú.
Unidad subordinada Facultad de Arquitectura y Urbanismo.
9 (RLIN) 534
710 ## - ENTRADA AGREGADA--NOMBRE DE ENTIDAD CORPORATIVA
Nombre de entidad corporativa o nombre de jurisdicción como elemento de entrada Fondo Editorial de la Pontificia Universidad Católica del Perú,
Término indicativo de función/relación editor.
9 (RLIN) 7281
830 #0 - PUNTO DE ACCESO ADICIONAL DE SERIE-TÍTULO UNIFORME
Título uniforme Colección Cuerpo Docente (PUCP) ;
Designación de volumen o secuencia 64
856 40 - LOCALIZACIÓN Y ACCESO ELECTRÓNICOS
Identificador Uniforme de Recursos <a href="https://arquitectura.pucp.edu.pe/publicaciones">https://arquitectura.pucp.edu.pe/publicaciones</a>
Nota pública Sitio web de Arquitectura PUCP.
942 ## - ELEMENTOS DE ENTRADA SECUNDARIOS (KOHA)
Fuente del sistema de clasificación o colocación Clasificación Decimal Dewey
Tipo de ítem Koha Libros físicos
980 ## - EQUIVALENCIA O REFERENCIA-CRUZADA-MENCIÓN DE SERIE--NOMBRE DE PERSONA/TÍTULO [LOCAL, CANADÁ]
ID del último usuario que modificó el registro 18226
Nombre del último usuario que modificó el registro Jaime Vilcazán Jefe de Análisis Documental
Existencias
Visto por última vez Total de préstamos Renovaciones totales Signatura topográfica completa Código de barras Fecha del último préstamo Copia número Coste, precio de reemplazo Fecha de reemplazo Facultad Tipo de ítem Koha Estado de pérdida Fuente del sistema de clasificación o colocación Restricciones de uso No para préstamo Colección Programa académico Biblioteca de origen Biblioteca actual Ubicación en estantería Fecha de adquisición Fuente de adquisición Coste, precio normal de compra
2025-12-03 1 1 720.47 B615a 82486 2025-11-03 e1 11.71 2024-12-31 FIA Libros físicos No Perdido Clasificación Decimal Dewey No restringido Disponible para préstamos Colección General Arquitectura Biblioteca CRAI UPeU Lima Biblioteca CRAI UPeU Lima Sala principal 2024-09-16 Compra, San Cristóbal 11.71
2025-12-03     720.47 B615a 82834   e2 55.00 2025-10-21 FIA Libros físicos No Perdido Clasificación Decimal Dewey No restringido Disponible para préstamos Colección General Ingeniería civil Biblioteca CRAI UPeU Lima Biblioteca CRAI UPeU Lima Sala principal 2025-10-20 COMPRA 50.00